Anthropology for Christian witness / (Record no. 1201)

MARC details
000 -LEADER
fixed length control field 01020cam a2200289 a 4500
001 - CONTROL NUMBER
control field 3526257
003 - CONTROL NUMBER IDENTIFIER
control field GBCCL
005 - DATE AND TIME OF LATEST TRANSACTION
control field 20241126110355.0
008 - FIXED-LENGTH DATA ELEMENTS--GENERAL INFORMATION
fixed length control field 960904s1996 nyu b 001 0 eng
010 ## -
-- 96038716
020 ## - INTERNATIONAL STANDARD BOOK NUMBER
International Standard Book Number 1570750858 (alk. paper)
040 ## - CATALOGING SOURCE
Original cataloging agency DLC
Transcribing agency DLC
Modifying agency DLC
050 00 -
-- BV2063
-- .K756 1996
082 00 - DEWEY DECIMAL CLASSIFICATION NUMBER
Classification number 266.001
Edition information 20
Item number KRA
100 1# - MAIN ENTRY--PERSONAL NAME
Personal name Kraft, Charles H.
9 (RLIN) 2223
245 10 - TITLE STATEMENT
Title Anthropology for Christian witness /
Statement of responsibility, etc. Charles H. Kraft.
260 ## - PUBLICATION, DISTRIBUTION, ETC.
Place of publication, distribution, etc. Maryknoll, N.Y. :
Name of publisher, distributor, etc. Orbis Books,
Date of publication, distribution, etc. c1996.
300 ## - PHYSICAL DESCRIPTION
Extent xvi, 493 p. ;
Dimensions 26 cm.
504 ## - BIBLIOGRAPHY, ETC. NOTE
Bibliography, etc. note Includes bibliographical references (p. 475-483) and indexes.
650 #0 - SUBJECT ADDED ENTRY--TOPICAL TERM
Topical term or geographic name entry element Missions
General subdivision Theory.
9 (RLIN) 48
650 #0 - SUBJECT ADDED ENTRY--TOPICAL TERM
Topical term or geographic name entry element Ethnology
General subdivision Religious aspects
-- Christianity.
9 (RLIN) 2224
650 #0 - SUBJECT ADDED ENTRY--TOPICAL TERM
Topical term or geographic name entry element Christianity and culture.
9 (RLIN) 886
650 #0 - SUBJECT ADDED ENTRY--TOPICAL TERM
Topical term or geographic name entry element Evangelistic work
General subdivision Philosophy.
9 (RLIN) 2225
906 ## - LOCAL DATA ELEMENT F, LDF (RLIN)
a 7
b cbc
c orignew
d 1
e ocip
f 19
g y-gencatlg
942 ## - ADDED ENTRY ELEMENTS (KOHA)
Source of classification or shelving scheme Dewey Decimal Classification
Koha item type Books
Koha issues (borrowed), all copies 11
Holdings
Withdrawn status Lost status Source of classification or shelving scheme Damaged status Not for loan Home library Current Library Shelving location Date acquired Total checkouts Total renewals Full call number Barcode Date last seen Date last checked out Copy number Price effective from Koha item type
    Dewey Decimal Classification     GRACE BIBLE COLLEGE GRACE BIBLE COLLEGE Ministry & Mission 2017-04-20 6 1 266.001 KRA 010334 2025-05-01 2025-02-26 c.2 2017-04-20 Books
    Dewey Decimal Classification     GRACE BIBLE COLLEGE GRACE BIBLE COLLEGE Ministry & Mission 2017-04-20 7 7 266.001 KRA 010333 2025-09-26 2025-09-23 c.1 2017-04-20 Books
© Grace Bible College Library 2025